00414nam a2200157Ia 4500008004100000020001800041082001400059100002500073245002000098250000800118260003800126300002900164500001900193600003300212650001100245240925s9999 xx 000 0 und d a9789332560093 a174.4 VEL aVelasquez, Manuel G. 0aBusiness Ethics a7th aIndia:bPearson Educationc,2016. avii, 342p.bNAfOriginal aIncludes Index aHumanities & Natural Science aEthics